Neuroplasticidad
Sparad:
| Huvudupphovsman: | |
|---|---|
| Materialtyp: | Bok |
| Språk: | spanska |
| Publicerad: |
Valparaíso, Chile
Pontificia Universidad Católica de Valparaíso
2012
|
| Upplaga: | 1a. ed |
| Ämnen: | |
| Länkar: | Disponible Online |
| Taggar: |
Lägg till en tagg
Inga taggar, Lägg till första taggen!
|
MARC
| LEADER | 00000cam a2200000 a 4500 | ||
|---|---|---|---|
| 001 | UCF4787 | ||
| 003 | CL-VaPUC | ||
| 005 | 20231116133052.0 | ||
| 008 | 130103e20120000CL |||||||||||||||||spa|d | ||
| 999 | |c 350484 |d 350482 | ||
| 020 | |a 9789561705265 | ||
| 040 | |c Pontificia Universidad Católica de Valparaíso | ||
| 082 | 0 | 4 | |a 599.0188 PAS 2012 |b |2 21 |
| 100 | |a Pascual, Rodrigo |q (Pascual Urzúa, José Rodrigo) |e autor |9 566414 | ||
| 245 | 1 | 0 | |a Neuroplasticidad |
| 250 | |a 1a. ed | ||
| 260 | |a Valparaíso, Chile |b Pontificia Universidad Católica de Valparaíso |c 2012 | ||
| 300 | |a 165 páginas | ||
| 583 | |a last modification |c 20190814 01:18:51 |k Rodrigo Vera | ||
| 650 | 0 | |a Cerebro |9 307262 | |
| 650 | 0 | |a Fisiología humana |9 269557 | |
| 650 | 0 | |a Plasticidad |2 CL-VaPUC |9 262659 | |
| 650 | 0 | |a Neuroplasticidad |9 885945 |x Sentidos |x Aparato locomotor (Sistema motor) |x Toxicomanía | |
| 650 | 0 | |a Diagnóstico prenatal |9 885983 |x Disfunción cerebral (Daño cerebral) | |
| 852 | |a BIBCUR | ||
| 856 | |u http://bibliografiaobligatoria.pucv.cl.pucv.idm.oclc.org/index.php/bibliotecapucv/catalog/book/82 |y Disponible Online | ||
| 942 | |c BK |2 ddc | ||
| 945 | |d 20130103 00:00:00 |a cmena | ||
| 952 | |0 0 |1 0 |4 0 |6 599_018800000000000_PAS_2012 |7 0 |8 A |9 453838 |a BIBCUR |b BIBCUR |d 2019-11-22 |i 4940318 |l 1 |o 599.0188 PAS 2012 |p 4940318 |r 2025-04-22 |s 2022-03-14 |w 2019-11-22 |y BK |k KIN | ||
| 952 | |0 0 |1 0 |4 0 |6 599_018800000000000_PAS_2012 |7 0 |8 A |9 453839 |a BIBCUR |b BIBCUR |d 2019-11-22 |i 4940326 |l 3 |o 599.0188 PAS 2012 |p 4940326 |r 2025-04-22 |s 2023-12-04 |w 2019-11-22 |y BK |k KIN | ||
| 952 | |0 0 |1 0 |4 0 |6 599_018800000000000_PAS_2012 |7 0 |8 A |9 453840 |a BIBCUR |b BIBCUR |d 2019-11-22 |i 4940334 |l 3 |m 1 |o 599.0188 PAS 2012 |p 4940334 |r 2025-04-22 |s 2024-04-12 |w 2019-11-22 |y BK |k KIN | ||
| 952 | |0 0 |1 0 |4 0 |6 599_018800000000000_PAS_2012 |7 0 |8 A |9 453841 |a BIBCUR |b BIBCUR |d 2019-11-22 |i 4940342 |o 599.0188 PAS 2012 |p 4940342 |r 2025-04-22 |w 2019-11-22 |y BK |k KIN | ||
| 952 | |0 0 |1 0 |4 0 |6 599_018800000000000_PAS_2012 |7 0 |8 A |9 453842 |a BIBCUR |b BIBCUR |d 2019-11-22 |i 4940350 |l 1 |o 599.0188 PAS 2012 |p 4940350 |r 2025-04-22 |s 2024-04-11 |w 2019-11-22 |y BK |k KIN | ||
| 952 | |0 0 |1 0 |4 0 |6 599_018800000000000_PAS_2012 |7 0 |8 A |9 453843 |a BIBCUR |b BIBCUR |d 2019-11-22 |i 4940369 |l 5 |m 1 |o 599.0188 PAS 2012 |p 4940369 |r 2025-04-22 |s 2024-04-12 |w 2019-11-22 |y BK |k KIN | ||
| 952 | |0 0 |1 0 |4 0 |6 599_018800000000000_PAS_2012 |7 0 |8 A |9 453844 |a BIBCUR |b BIBCUR |d 2019-11-22 |i 4940377 |o 599.0188 PAS 2012 |p 4940377 |r 2025-04-22 |w 2019-11-22 |y BK |k KIN | ||
| 952 | |0 0 |1 0 |4 0 |6 599_018800000000000_PAS_2012 |7 0 |8 A |9 453845 |a BIBCUR |b BIBCUR |d 2019-11-22 |i 4940385 |o 599.0188 PAS 2012 |p 4940385 |r 2025-04-22 |w 2019-11-22 |y BK |k KIN | ||
| 952 | |0 0 |1 0 |4 0 |6 599_018800000000000_PAS_2012 |7 0 |8 A |9 453846 |a BIBCUR |b BIBCUR |d 2019-11-22 |i 4940393 |l 1 |o 599.0188 PAS 2012 |p 4940393 |r 2025-04-22 |s 2022-07-14 |w 2019-11-22 |y BK |k KIN | ||
| 952 | |0 0 |1 0 |4 0 |6 599_018800000000000_PAS_2012 |7 0 |8 A |9 453847 |a BIBCUR |b BIBCUR |d 2019-11-22 |i 4940407 |l 3 |o 599.0188 PAS 2012 |p 4940407 |r 2025-04-22 |s 2025-03-21 |w 2019-11-22 |y BK |k KIN | ||
| 952 | |0 0 |1 0 |3 erb |4 0 |6 599_018800000000000_PAS_2012 |7 0 |8 ? |9 453848 |a BIBEDU |b BIBEDU |i 526054K |o 599.0188 PAS 2012 |p 526054K |r 2019-11-22 |w 2019-11-22 |y BK |z Catalogado en:20160107 |k LIT | ||
| 952 | |0 0 |1 0 |3 erb |4 0 |6 599_018800000000000_PAS_2012 |7 0 |8 ? |9 453850 |a BIBEDU |b BIBEDU |i 5260523 |o 599.0188 PAS 2012 |p 5260523 |r 2019-11-22 |w 2019-11-22 |y BK |z Catalogado en:20160107 |k LIT | ||
| 952 | |0 0 |1 0 |3 erb |4 0 |6 599_018800000000000_PAS_2012 |7 0 |8 X |9 453851 |a FDOBUD |b FDOBUD |i 5302773 |o 599.0188 PAS 2012 |p 5302773 |r 2019-11-22 |w 2019-11-22 |y BK_X |z Catalogado en:20160428 |k FHP | ||